[Event "ROM-GER Kings"]
[Site "Medias"]
[Date "2015.10.30"]
[Round "1.2"]
[White "Marin, Mihail"]
[Black "Buhmann, Rainer"]
[Result "1/2-1/2"]
[WhiteElo "2580"]
[BlackElo "2615"]
[Annotator "Bulmaga/Rogozenco,D"]
[PlyCount "180"]
[EventDate "2015.10.30"]
[EventType "schev"]
[EventRounds "5"]
[EventCountry "ROU"]
[SourceTitle "CBM 169"]
[Source "ChessBase"]
[SourceDate "2015.11.10"]
[SourceVersion "1"]
[SourceVersionDate "2015.11.10"]
[SourceQuality "1"]
[WhiteTeam "Romania"]
[BlackTeam "Germany"]
[WhiteTeamCountry "ROU"]
[BlackTeamCountry "GER"]
[TimeControl "40/5400+30:1800+30"]

1. Nf3 d5 2. g3 Nf6 3. Bg2 e6 4. O-O Be7 5. c4 O-O 6. d4 dxc4 7. Qc2 a6 8. a4
Nc6 (8... Bd7 9. Qxc4 Bc6 {ist die Hauptvariante, 8... Nc6 wird seltener
gespielt.}) 9. Qxc4 Qd5 10. Qd3 {"Ich habe das vor 15 Jahren analysiert."
Mihail Marin.} Qf5 {Doch dieser Zug war eine Überraschung für den
rumänischen Großmeister.} 11. Qd1 $6 {Eine sehr seltene Fortsetzung.} Rd8 12.
Nc3 e5 {Die schwarze Zentrumsstrategie war erfolgreich und Weiß muss sehr
genau spielen, um nicht große Probleme zu bekommen.[#]} 13. d5 Qh5 (13... e4
$5 {Nach der Partie waren sich beide Spieler einig, dass dies eine
interessante Fortsetzung gewesen wäre.} 14. Nd4 Nxd4 15. Qxd4 Be6 16. Bf4 Nxd5
17. Nxd5 Bxd5 18. Bxc7) 14. e4 (14. Nd2 Nb4 $15) 14... Bg4 {Mit der Drohung
Nd4. Weiß scheint in Schwierigkeiten zu sein.} 15. Qd3 (15. Be3 Nd4 16. Bxd4
exd4 17. h3 dxc3 18. hxg4 Nxg4 (18... Qxg4 19. bxc3 Nxe4 20. Qe1 $1 $44 f5 21.
Ne5 Qg5 22. Bxe4 fxe4 23. Qxe4 Bc5 24. Kg2) 19. bxc3 Bc5 $17) (15. h3 $2 Bxh3
16. Bxh3 (16. Nxe5 $2 Bg4 17. Nxg4 Nxg4 $19) 16... Qxh3 17. Ng5 Qc8 $17) 15...
Nb4 16. Qe2 c6 17. dxc6 (17. h3 Bxh3 18. Bxh3 Qxh3 19. Nxe5 cxd5 $17) 17...
Nxc6 18. Be3 {[#]} (18. Qe3 Nd4 $17) 18... Bb4 (18... Nd4 $5 19. Bxd4 exd4 20.
Na2 Nd7 $17) 19. Bb6 Nd4 20. Bxd4 exd4 21. Na2 Bc5 $6 (21... d3 $1 {war ein
wichtiger Zwischenzug.} 22. Qe3 {Beide Spieler hatten hier nur noch wenig Zeit
hielten diese Fortsetzung für riskant für Schwarz - es sei denn, es gibt und
er findet einen klaren Weg zum Gewinn.} Bc5 23. Qf4 Rac8 $17) 22. Nc1 Re8 23.
e5 Nd5 24. Nd3 Ba7 25. Rad1 Rad8 26. Qe4 Bf5 27. Qe2 Bd7 28. a5 Bg4 29. Qe4 h6
30. Rd2 Bf5 (30... Ne3 $5 31. Nf4 Qf5 32. Qxf5 Bxf5 33. fxe3 dxe3) 31. Qe2 g5 {
"Eine Idee dieses Zuges ist es, Ne3 möglich zu machen." Rainer Buhmann} (31...
Ne3 $4 32. Nf4 $1 $18) 32. Nfe1 Qxe2 33. Rxe2 f6 34. Be4 Bh3 35. Bg2 Bg4 36.
Bf3 Bh3 37. Bg2 Bxg2 38. Kxg2 Bb8 39. Nf3 fxe5 40. Nfxe5 Bc7 41. Ra1 Bxe5 42.
Rxe5 Rxe5 43. Nxe5 Nb4 44. Kf3 Rf8+ 45. Kg2 d3 (45... Re8 46. f4 Nc6 47. Nxc6
bxc6 48. b4) 46. Rd1 Rf5 47. Nc4 Kg7 48. f3 Kf6 49. Kf2 g4 50. f4 Rh5 51. Rh1
Rc5 52. b3 Nc6 53. Ke3 Rb5 54. Rb1 Nxa5 55. Nxa5 Rxa5 56. Rb2 h5 57. Kxd3 h4
58. h3 $4 {[#]} gxh3 59. g4 (59. Rh2 $2 hxg3 60. Rxh3 g2 61. Rg3 Ra2 $19) 59...
Ra1 $1 $19 60. Rh2 Rg1 $2 (60... Rb1 $3 61. Ke4 (61. Kc4 Rg1 62. Rxh3 Rxg4 $19)
61... Rxb3 $19) 61. Ke4 Rxg4 62. Rxh3 Rg3 (62... a5 $5 63. Rd3 Rg3 64. Rd6+ Kg7
65. Rb6 h3 66. Rxb7+ Kg6) 63. Rxh4 Rxb3 64. Rh6+ Ke7 65. f5 a5 66. Rh7+ Kd6 67.
Rh6+ Ke7 68. Rh7+ Kf6 69. Rh6+ Kg7 70. Rd6 a4 71. Ke5 a3 72. Rd7+ Kf8 73. Rd8+
Ke7 74. Ra8 Kd7 75. f6 Rf3 76. Kd5 Rxf6 77. Rxa3 Rc6 78. Ra5 Kc7 79. Rc5 Kb6
80. Rxc6+ bxc6+ 81. Kc4 c5 82. Kc3 Kb5 83. Kb3 c4+ 84. Kc3 Kc5 85. Kc2 Kd4 86.
Kd2 c3+ 87. Kc2 Kc4 88. Kc1 Kd3 89. Kd1 c2+ 90. Kc1 Kc3 1/2-1/2

[Event "Grenke Chess Classic 1st"]
[Site "Baden-Baden"]
[Date "2013.02.14"]
[Round "7"]
[White "Meier, Georg"]
[Black "Fridman, Daniel"]
[Result "1-0"]
[WhiteElo "2640"]
[BlackElo "2667"]
[Annotator "CB"]
[PlyCount "119"]
[EventDate "2013.02.07"]
[EventType "tourn"]
[EventRounds "10"]
[EventCountry "GER"]
[EventCategory "19"]
[SourceTitle "CBM 153"]
[Source "ChessBase"]
[SourceDate "2013.03.14"]
[SourceVersion "1"]
[SourceVersionDate "2013.03.14"]
[SourceQuality "1"]

1. d4 d5 2. c4 e6 3. Nf3 Be7 4. g3 Nf6 5. Bg2 O-O 6. O-O dxc4 7. Qc2 b5 8. a4
b4 9. Nfd2 c6 10. Nxc4 Qxd4 11. Rd1 Qc5 12. Nbd2 Rd8 13. b3 Ba6 14. Bb2 Nbd7
15. Rac1 Bxc4 16. Nxc4 Nb6 17. Nxb6 Qxc2 ({Fridman spent 40 minutes weighing
the merits of} 17... Qxb6) ({as well as} 17... Rxd1+ {and the move he
eventually played.}) {After} 18. Rxd8+ {he burned more time choosing between}
Rxd8 ({and} 18... Bxd8 {eventually leaving himself under ten minutes for
fifteen moves. Some fantastic lines were aired in the post-game press
conference, but as Daniel explained, "the best solution was just to play
something, but quicker!" The end result was Fridman overlooking that a long
sequence of play simply ended with the b4-pawn dropping, although even the
ending a pawn down left him with chances. As it happened, it was mainly a
chance to commit another classical psychological error.}) 19. Rxc2 Rd1+ 20. Bf1
axb6 21. Rxc6 Rd6 22. Rc4 Rd2 23. Bd4 Nd7 24. Be3 Rd1 25. Rc8+ Bf8 26. h4 f5
27. Kg2 Kf7 28. Rc7 Be7 29. Bg5 h6 30. Bxe7 Kxe7 31. e3 Kd6 32. Rc4 Nc5 33.
Rxb4 Kc7 34. g4 g5 35. hxg5 hxg5 36. gxf5 exf5 37. Rb5 Rb1 38. b4 Nxa4 39. Rxf5
Rxb4 40. Rxg5 Nc3 41. f4 {Fridman described} Kd6 $6 {as a typical 41st move,
where a chess player is so relieved to make the time control with seconds to
spare that he rushes and blunders on the next move.} ({Both Fridman and Meier
thought} 41... Ne4 $1 {would offer more chances, with Georg noting his pieces
were poorly coordinated.}) 42. Kf3 Rb1 43. Bd3 Rd1 44. Bc4 Rh1 45. Re5 Rb1 46.
e4 {Meier's pawns advanced inexorably, with some help from his opponent.} b5
47. Bd3 Rb2 48. Rg5 b4 49. e5+ Kc5 50. e6+ Kd6 51. Bc4 Rb1 52. Re5 Ke7 53. f5
b3 54. f6+ Kxf6 55. e7 Kxe5 56. Bd3 Rc1 57. e8=Q+ {The players continued even
after Meier queened a pawn. Fridman was drawn to the idea of positions where a
pawn and knight can compete with a queen, but Meier kept his cool and took
home the full point: "I was seeing some ghosts, but not so many."} Kd5 58. Qd7+
Ke5 59. Qc7+ Kd5 60. Qc4+ 1-0

[Event "Politiken Cup 36th"]
[Site "Helsingor"]
[Date "2014.07.28"]
[Round "9"]
[White "Cornette, Matthieu"]
[Black "Schroeder, Jan Christian"]
[Result "0-1"]
[WhiteElo "2532"]
[BlackElo "2370"]
[Annotator "CB"]
[PlyCount "106"]
[EventDate "2014.07.21"]
[EventType "swiss"]
[EventRounds "10"]
[EventCountry "DEN"]
[SourceTitle "CBM 161 Extra"]
[Source "ChessBase"]
[SourceDate "2014.08.29"]
[SourceVersion "1"]
[SourceVersionDate "2014.08.29"]
[SourceQuality "1"]

1. d4 d5 2. c4 e6 3. Nf3 Nf6 4. g3 Be7 5. Bg2 O-O 6. O-O dxc4 7. Qc2 a6 8. a4
Bd7 9. Qxc4 Bc6 10. Bg5 Bd5 11. Qd3 c5 12. Nc3 Bc6 13. Rfd1 cxd4 14. Nxd4 Bxg2
15. Kxg2 Nbd7 16. Qf3 Qa5 17. Bxf6 Bxf6 {Weiß hat zweifelsohne das
angenehmere Spiel, die Schwarzen Figuren wirken im Moment noch etwas
unkoordiniert.} 18. Nb3 $2 {stellt den Springer etwas ins Abseits und öffnet
die Läuferdiagonale nach b2} (18. Nxe6 $5 {wäre ein Versuch, sofort etwas
zählbares zu erlangen.} fxe6 19. Rxd7 Bd4 20. Qg4 Rxf2+ 21. Kh3 Bxc3 22. bxc3
Qe5 {soweit alles forciert. Weiß hat etwas Druck doch Schwarz kann sich gut
behaupten.}) (18. Ne4 Bxd4 19. Rxd4 Rad8 {und Weiß kann den Druck aufrecht
erhalten - es ist lange und ausdauernde Defensivarbeit gefragt.}) (18. Qxb7 $6
{scheitert an einem typischen taktischen Motiv} Nc5 19. Qf3 $2 (19. b4 $8 Nxb7
20. bxa5 Nxa5 $11) 19... Bxd4 20. Rxd4 Nb3 $19) 18... Qc7 19. Ne4 $2 (19. Rac1
Ne5 20. Qf4 Qb6 {nun hat Weiß Probleme mit der Koordination}) 19... Bxb2 {
diesen Bauern wird Weiß nie wieder sehen} 20. Rab1 $2 (20. Ra2 {verhindert
den Aufbau Lb2/Dc2 (wie in der Partie), was Cornette vermutlich nicht
antizipiert hatte.} Be5 (20... Ne5 $2 21. Qf4 Qc2 22. Rd2 $18) 21. Rad2 $44)
20... Ne5 21. Qf4 Qc2 {diese - auf den 1. Blick nicht sehr
vertrauenserweckende - Verteidungsidee ist nicht zu widerlegen, Schwarz hat
einen glatten Bauern mehr.} 22. Nbc5 Rad8 23. Nd3 Nxd3 24. exd3 Rd7 $17 {
in der Folge zeigt Schwarz gute Technik und lässt sich den Punkt nicht mehr
nehmen.} 25. d4 h6 26. Nc5 Rxd4 27. Rxd4 Bxd4 28. Rc1 Qb2 29. Nd3 Qb6 30. a5
Qd8 31. Qe4 Qd7 32. Rb1 Qc6 33. Kf3 f5 34. Qxc6 bxc6 35. Rb7 c5 36. Nf4 Re8 37.
h4 g5 38. Ng6 Bf6 39. h5 Rc8 40. Ke2 c4 41. Ne7+ Bxe7 42. Rxe7 c3 43. Kd1 c2+
44. Kc1 Rc6 45. Rb7 Rc5 46. Rb6 Kf7 47. Rxa6 Kf6 48. Ra8 Ke5 49. a6 g4 50. a7
Rc7 51. Rh8 Rxa7 52. Rxh6 Ra1+ 53. Kxc2 Ra2+ 0-1

[Event "Leiden op-A 10th"]
[Site "Leiden"]
[Date "2016.07.24"]
[Round "9"]
[White "Van Wely, Loek"]
[Black "Pruijssers, Roeland"]
[Result "1/2-1/2"]
[WhiteElo "2662"]
[BlackElo "2463"]
[Annotator "CB"]
[PlyCount "66"]
[EventDate "2016.07.15"]
[EventType "swiss"]
[EventRounds "9"]
[EventCountry "NED"]
[SourceTitle "CBM 173 Extra"]
[Source "ChessBase"]
[SourceDate "2016.08.29"]
[SourceVersion "1"]
[SourceVersionDate "2016.08.29"]
[SourceQuality "1"]

1. d4 Nf6 2. c4 e6 3. g3 d5 4. Nf3 Be7 5. Bg2 O-O 6. O-O dxc4 7. Qc2 a6 8. a4
Bd7 9. Rd1 Bc6 10. Nc3 Bxf3 11. Bxf3 Nc6 12. Bxc6 bxc6 13. Bg5 (13. a5 Rb8 14.
Ra4 Rb4 15. Na2 Rxa4 16. Qxa4 Qb8 17. Qxc4 Qb7 18. Bg5 Qxb2 19. Nc3 Nd5 20.
Bxe7 Nxc3 21. Bxf8 Nxd1 22. Qxa6 Ne3 $1 23. fxe3 Qb1+ 24. Kf2 Qf5+ {mit
Dauerschach in Leko,P-Aronian,L Istanbul 2012.}) 13... Rb8 14. a5 $5 {Die Idee
von Weiß war, den Springer auf c5 zu stellen und anschließend den weißen
b-Bauern gegen den Bc4 zu tauschen, wonach Weiß besser gestanden hätte. Ich
überlegte an dieser Stelle lange, um das Entstehen solch einer unerfreulichen
Stellung zu verhindern.} (14. Rac1 h6 15. Bxf6 Bxf6 16. e3 Qe7 17. Ne4 Rb4 18.
Qe2 Rxa4 19. Rxc4 Rxc4 20. Qxc4 e5 21. Qxa6 exd4 22. Nxf6+ Qxf6 23. Rxd4 Rb8
24. b4 Qe7 25. Qc4 Rb6 26. Qd3 Rb8 27. Qc4 Rb6 28. Kg2 Rb5 29. e4 g5 30. f3 Kg7
31. Qc3 Qf6 32. Kf2 Qe5 33. Qd2 Qf6 34. Rc4 Rb8 35. Ke3 Qe7 36. Qc3+ Kh7 37.
Rc5 Rb6 38. Rf5 Kg8 39. Re5 Qf8 40. Rc5 Qb8 41. Qf6 Qf8 42. Qc3 Qb8 43. Qf6 Qf8
44. Qc3 {1/2-1/2 (44) Kramnik,V (2800) -Karjakin,S (2763) Moscow 2011}) 14...
Nd5 $146 {neu, aber nicht besonders gut} (14... Nd7 $142) (14... Rb4 $142 {
Nach der Partie meinte Loek, dies sei der beste Zug.} 15. Na2 Rb5 16. Bxf6 Bxf6
17. Nc3 Rb4 18. Na2 Rb5 19. Nc3 Rb4 20. Na2 {½-½ Kovalyov, A -Kasimdzhanov,R
Baku AZE 2015}) 15. Bxe7 Qxe7 16. Na4 $14 {Hier hatte ich selber das Gefühl,
etwas schlechter zu stehen.} Rb5 17. Qxc4 $5 (17. Nc5 e5 18. Qxc4 exd4 19. Nxa6
{hatte ich befürchtet, denn jetzt ist der a-Bauer sehr stark. 17.Dxc4 ist
aber auch gut.}) 17... Rxa5 18. Qxc6 Qb4 19. e3 (19. b3 $5 {War vielleicht der
beste Zug, denn dann hätte Weiß seine Idee Sc5 verwirklichen können.}) 19...
Qb3 20. Rdc1 h5 {Einen besseren Zug habe ich nicht gesehen und nach der Partie
habe ich dies für den besten Zug der Partie gehalten. Hätte ich übereilt
etwas gespielt wie:} (20... Rb8 $2 {dann wäre ich verloren gewesen wegen} 21.
e4 $1 Nf6 22. Qxc7 {und ich kann wegen des Grundlinienmatts nicht auf a4
schlagen.and I cannot take on a4 because of the mate on the back rank}) 21. h4
g6 {Auch hier: Ich konnte nichts Besseres finden.} 22. Ra3 Qb4 23. Rca1 Rb8 24.
Qc2 {Nicht präzise} (24. e4 $6 Nb6 $1) (24. Qc1 $142 Qd6 (24... Kg7 25. b3)
25. Nc5 $1 (25. b3 e5) 25... Rxa3 26. Rxa3 $14) 24... Rab5 25. b3 $6 {Der
richtige Plan, doch Schwarz kommt mit seinem Gegenspiel gerade rechtzeitig.} (
25. Nc5 Qxb2 26. Qxb2 Rxb2 27. Rxa6 {wäre etwas besser für Weiß gewesen,
aber mit meinen aktiven Türmen und dem möglichen Springer auf g4 dachte ich,
dass ich genügend Gegenspiel haben würde.}) (25. Nc3 Qxb2 26. Qxb2 Rxb2 27.
Nxd5 exd5 28. Rxa6 Rc2 $11) 25... Qd6 $1 26. Kh2 (26. Nc5 Nxe3 $1 27. fxe3
Qxg3+ 28. Qg2 Qxe3+ 29. Qf2 Qxf2+ 30. Kxf2 Rd8 $1 31. Ra4 e5 {mit Ausgleich})
26... e5 $1 {Mit diesem Zug sind meine Probleme ausgestanden!} (26... g5 $5 27.
hxg5 h4 {Eine verrückte Idee, an die ich gar nicht gedacht habe.}) 27. Nc5
exd4 28. exd4 Nb4 {mit Tempogewinn} 29. Qe4 $6 (29. Qc4 Rd8 30. Kg1 (30. Nxa6
Rf5 $1 $36) 30... Qxd4 $11) 29... Rd8 30. Ra4 Qxd4 {Ich sah, dass dies zum
Remis reichen würde, doch Schwarz hatte eine Möglichkeit, die Initiative zu
übernehmen.} (30... Qf6 $1 31. Kg1 Rxd4 {und Weiß muss die richtige
Verteidigung erst noch finden.}) 31. Qxd4 Rxd4 32. Nxa6 c5 33. Nxb4 Rdxb4 {
mit Remisangebot. Mein Turniersieg war gesichert.} 1/2-1/2

[Event "Dilijan FIDE GP (Women)"]
[Site "Dilijan"]
[Date "2013.06.16"]
[Round "1"]
[White "Harika, Dronavalli"]
[Black "Koneru, Humpy"]
[Result "1/2-1/2"]
[WhiteElo "2492"]
[BlackElo "2597"]
[Annotator "CB"]
[PlyCount "177"]
[EventDate "2013.06.16"]
[EventType "tourn"]
[EventRounds "11"]
[EventCountry "ARM"]
[EventCategory "11"]
[SourceTitle "CBM 155"]
[Source "ChessBase"]
[SourceDate "2013.07.16"]
[SourceVersion "1"]
[SourceVersionDate "2013.07.16"]
[SourceQuality "1"]

{The game between the two Indians GMs was very interesting. White had a slight
advantage after the opening. Koneru didn't put much resistance and soon after
the time control Dronavalli had a winning position.} 1. d4 Nf6 2. c4 e6 3. g3
d5 4. Nf3 Be7 5. Bg2 O-O 6. O-O dxc4 7. Qc2 a6 8. Qxc4 b5 9. Qc2 Bb7 10. Bd2
Be4 11. Qc1 Bb7 12. Qc2 Be4 13. Qc1 Bb7 14. a3 Qc8 15. b4 Nbd7 16. Nc3 Bd6 17.
Re1 Ne4 18. Nxe4 Bxe4 19. Bh3 h6 20. Bc3 Bxf3 21. exf3 Nb6 22. f4 Qd7 23. Ra2
Nd5 24. Rae2 Qd8 25. Bg2 Qf6 26. Bd2 Rab8 27. Bxd5 exd5 28. Qc3 Qf5 29. Kg2
Rfd8 30. h3 Qf6 31. Qd3 g6 32. f5 Qxf5 33. Qxf5 gxf5 34. Bxh6 a5 35. Bg5 Rdc8
36. Bd2 axb4 37. Bxb4 Ra8 38. Rc1 Bxb4 39. axb4 Ra4 40. Re5 Rxb4 41. Rxd5 f4
42. g4 c6 43. Rg5+ Kf8 44. d5 c5 45. d6 c4 46. Rd1 Rd8 47. Rc5 Rb3 48. Rdd5 Kg7
49. h4 f5 50. d7 Rd3 51. Rxf5 R8xd7 52. Rxb5 Rc7 53. Rg5+ Kf8 54. Rbf5+ Rf7 55.
Rc5 Rd4 56. Rc8+ Ke7 57. Rc7+ Kf8 58. Rxf7+ Kxf7 59. Rc5 $2 {Missing her final
chance.} (59. Kf3 Kf6 60. Rf5+ Ke6 61. Rxf4 {was an easy win.}) 59... Ke6 60.
h5 Kd6 61. Rc8 Kd7 62. Rc5 Kd6 63. Rc8 Kd7 64. Ra8 c3 65. Ra3 Rc4 66. Ra1 c2
67. Rc1 Ke6 68. Kf3 Kf6 69. Ke2 Rc3 70. Kd2 Rf3 71. Ke2 Rc3 72. Kd2 Rf3 73.
Rxc2 Kg5 74. Ke2 Kxg4 75. Rc8 Rh3 76. Rg8+ Kf5 77. Rh8 Kg5 78. Rg8+ Kf6 79. Ra8
Rxh5 80. Kf3 Rh4 81. Ke4 f3+ 82. Kxf3 Rb4 83. Kg3 Rc4 84. f4 Rc1 85. Ra6+ Kf5
86. Ra5+ Kf6 87. Ra6+ Kf5 88. Ra5+ Kf6 89. Ra6+ 1/2-1/2

[Event "Sigeman & Co 18th"]
[Site "Malmo"]
[Date "2010.05.30"]
[Round "5"]
[White "Giri, Anish"]
[Black "Hammer, Jon Ludvig"]
[Result "1-0"]
[WhiteElo "2642"]
[BlackElo "2610"]
[Annotator "CB"]
[PlyCount "119"]
[EventDate "2010.05.26"]
[EventType "tourn"]
[EventRounds "5"]
[EventCountry "SWE"]
[EventCategory "13"]
[SourceTitle "CBM 137"]
[Source "ChessBase"]
[SourceDate "2010.07.15"]
[SourceVersion "1"]
[SourceVersionDate "2010.07.15"]
[SourceQuality "1"]

1. d4 Nf6 2. c4 e6 3. Nf3 d5 4. g3 Be7 5. Bg2 O-O 6. O-O dxc4 7. Qc2 a6 8. Qxc4
b5 9. Qc2 Bb7 10. Bd2 Bd6 11. Re1 Be4 12. Qc1 Bb7 13. Qc2 Be4 14. Qc1 Bb7 15.
Bg5 Nbd7 16. Nbd2 h6 17. Bxf6 Nxf6 18. Nb3 Rc8 19. Rd1 Bd5 20. Ne1 {Anish Giri:
"I think I was better prepared than my opponent with this move."} Qe7 21. Nd3
Bxb3 22. axb3 c5 {"Not a bad choice by Jon Ludvig."} 23. dxc5 Bxc5 24. Nxc5
Qxc5 {Anish: "He definitely should have taken with the rook."} 25. Bb7 $1 {
"Perhaps he missed this move."} Qxc1 26. Rdxc1 Rxc1+ 27. Rxc1 Rb8 28. Bxa6 $1 {
"I had to make sure my bishop would not be trapped. I thought for a long time
about it, and decided that with Rc8+! and Ra8 I would be able to get it out."}
Rb6 29. Rc8+ Kh7 30. Ra8 Ne4 31. Bc8 g6 32. Ra7 Kg7 33. Rc7 Kf8 34. Bd7 h5 35.
b4 g5 36. f3 Nd6 37. Kf2 Ra6 38. Rc5 ({"I was counting on} 38. Rc6 {thinking
that the bishop-knight ending was won. However then I realized it wasn't
winning, or at least not easily, so I had to play Rc5."}) 38... Ra2 {"Now I
was winning.} ({If he had played} 38... Ra4 39. Bxb5 Rxb4 40. Bd3 f5 $1 {
I would be a pawn up and thought I had a winning plan of Ke1-d2 etc. But he
has e5! and e4 quickly, so he should hold."}) 39. Bxb5 h4 40. b3 hxg3+ 41. hxg3
g4 42. Ba4 gxf3 43. Kxf3 Rd2 44. Rc7 Nf5 45. b5 Rd6 46. g4 Ne7 47. Rc2 Rb6 48.
Ke4 Ke8 49. Kd4 Rb8 50. Ke5 Nd5 51. e4 Ne7 52. Rc7 Rb6 53. Kd4 Kd8 54. Rxe7
Kxe7 55. Kc5 Rb8 56. b6 Kd8 57. e5 Rc8+ 58. Bc6 Rb8 59. b4 Kc8 60. b5 1-0

[Event "Shanghai Masters"]
[Site "Shanghai"]
[Date "2010.09.06"]
[Round "4"]
[White "Aronian, Levon"]
[Black "Wang, Hao"]
[Result "1/2-1/2"]
[WhiteElo "2783"]
[BlackElo "2724"]
[Annotator "CB"]
[PlyCount "99"]
[EventDate "2010.09.03"]
[EventType "tourn"]
[EventRounds "6"]
[EventCountry "CHN"]
[EventCategory "21"]
[SourceTitle "CBM 138"]
[Source "ChessBase"]
[SourceDate "2010.09.17"]
[SourceVersion "1"]
[SourceVersionDate "2010.09.17"]
[SourceQuality "1"]

1. d4 Nf6 2. c4 e6 3. g3 d5 4. Nf3 Be7 5. Bg2 O-O 6. O-O dxc4 7. Qc2 a6 8. a4
Bd7 9. Qxc4 Bc6 10. Bg5 h6 11. Bxf6 Bxf6 12. Nc3 Bxf3 13. Bxf3 c6 14. Qb3 {#}
Qc7 (14... Ra7 {when the Danish player improved with} 15. Ne4 $1 Bxd4 16. Rfd1
Qb6 17. Qd3 {eventually winning the game.}) 15. Rfd1 Rd8 (15... a5 {is the
known move.}) 16. Ne4 Nd7 17. a5 Be7 18. e3 Rab8 19. Nd2 Nf6 20. Nc4 Ne8 21.
Nb6 Nd6 22. Rac1 Nb5 23. Be2 Qd6 24. Qa2 Bf6 25. Bc4 Qb4 26. Bb3 Nd6 27. Kg2
Kh8 28. Bc2 Nc8 29. Nc4 Nd6 30. Nb6 Nc8 31. Nc4 Nd6 {#} 32. Bd3 {Aronian
declines the repetition and draw, still hoping to crack his Chinese opponent.}
Nxc4 33. Rxc4 Qe7 34. Be4 Rd7 35. Rc3 g6 36. Qc4 Kg7 37. Rcd3 Rbd8 38. f4 h5
39. h4 Qd6 40. Kf2 Be7 41. Qc3 Qb4 42. Qxb4 Bxb4 43. Ra1 f5 44. Bf3 Kf7 45. Ra4
Bd6 46. Rc4 Bc7 47. Rc5 Bd6 48. Rc4 Bc7 49. Rc5 Bd6 50. Rc4 1/2-1/2

[Event "URS-ch50 Final"]
[Site "Moscow"]
[Date "1983.04.16"]
[Round "10"]
[White "Romanishin, Oleg M"]
[Black "Razuvaev, Yuri S"]
[Result "0-1"]
[WhiteElo "2585"]
[BlackElo "2520"]
[Annotator "Chekhov,V"]
[PlyCount "66"]
[EventDate "1983.04.03"]
[EventType "tourn"]
[EventRounds "17"]
[EventCountry "URS"]
[EventCategory "14"]
[SourceTitle "URS-ch"]
[Source "ChessBase"]
[SourceDate "1999.07.01"]
[SourceVersion "1"]
[SourceVersionDate "1999.07.01"]
[SourceQuality "1"]

1. c4 e6 2. g3 Nf6 3. Bg2 d5 4. d4 Be7 5. Nf3 O-O 6. O-O dxc4 7. Na3 Bxa3 8.
bxa3 Bd7 9. Ne5 Bc6 10. Nxc6 Nxc6 11. Bb2 Nd5 12. Rc1 $6 (12. Rb1 $5 Nb6 13. e3
Qd6 14. Qc2 Rfd8 15. Rfd1 Rab8 16. e4 e5 $1 17. d5 (17. dxe5 Qc5 $17) 17... Nd4
18. Bxd4 exd4 19. Rxd4 c6 $132 {Khalifman,A-Portisch,L/Reykjavik/1991/0,5 (33)}
) 12... Nb6 13. e3 Qd6 14. Qg4 (14. Qc2 $5) 14... f6 15. Rc2 Na4 $1 16. Qh5 f5
17. Qf3 (17. Ba1 b5 $17) 17... Ne7 18. Qe2 (18. Qxb7 Rab8 $19) 18... b5 $1 $17
19. Bxa8 Rxa8 20. e4 fxe4 21. Qxe4 Qd5 22. Qf4 Nxb2 23. Rxb2 Nc6 24. Rd2 (24.
Qxc7 Nxd4) (24. Rd1 $2 e5 $19) 24... c3 25. Rdd1 (25. Rd3 e5) 25... Rd8 26.
Qxc7 Nxd4 27. Rxd4 (27. f3 Nxf3+ 28. Kf2 Nd2 $19) 27... Qxd4 28. Qc6 Qc4 $1 29.
Qxc4 bxc4 30. Rc1 Rd3 $19 31. Kf1 Kf7 32. Ke2 Kf6 33. Rb1 Ke5 (33... Ke5 34.
Rb4 Kd4 $19) 0-1

[Event "Interzonal-16"]
[Site "Biel"]
[Date "1993.??.??"]
[Round "9"]
[White "Kozul, Zdenko"]
[Black "Pigusov, Evgeny"]
[Result "1-0"]
[WhiteElo "2595"]
[BlackElo "2585"]
[Annotator "ChessBase"]
[PlyCount "73"]
[EventDate "1993.07.16"]
[EventType "swiss"]
[EventRounds "13"]
[EventCountry "SUI"]
[SourceTitle "CBM 037"]
[Source "ChessBase"]
[SourceDate "1993.12.01"]
[SourceVersion "1"]
[SourceVersionDate "1993.12.01"]
[SourceQuality "1"]

1. d4 d5 2. c4 e6 3. Nf3 Nf6 4. g3 Be7 5. Bg2 O-O 6. O-O dxc4 7. Qc2 a6 8. a4
Bd7 9. Ne5 Bc6 10. Nxc6 Nxc6 11. e3 Na5 12. Nd2 c5 13. dxc5 Rc8 14. b4 cxb3 15.
Nxb3 Nxb3 16. Qxb3 Nd7 17. c6 (17. Ba3) 17... bxc6 18. a5 Nc5 19. Qc4 Qd3 20.
Qxd3 Nxd3 21. Bd2 Rfd8 22. Rfb1 Nf4 23. gxf4 Rxd2 24. Bf1 Bh4 (24... Ra8 $10 {
Pigusov,E}) 25. Bxa6 Bxf2+ 26. Kg2 Rcd8 27. Kf3 Bh4 28. Be2 Ra8 29. a6 Rdd8 30.
Rb7 Kf8 31. Rc1 Rac8 32. Rd1 Rb8 33. Rdd7 Rxb7 34. axb7 Re8 35. Rc7 Be7 36.
Rxc6 e5 37. Rc8 1-0